Az uton [!úton] mentem én

Elmentve itt :
Bibliográfiai részletek
Szerző: Rolla Margit
Dokumentumtípus: Cikk
Megjelent: 1930
Sorozat:Széphalom 4
Kulcsszavak:Szépirodalom
Online Access:http://acta.bibl.u-szeged.hu/20520
LEADER 00526nab a2200169 i 4500
001 acta20520
005 20210722151327.0
008 161015s1930 hu o 0|| hun d
040 |a SZTE Egyetemi Kiadványok Repozitórium  |b hun 
041 |a hun 
100 1 |a Rolla Margit 
245 1 3 |a Az uton [!úton] mentem én  |h [elektronikus dokumentum] /  |c  Rolla Margit 
260 |c 1930 
300 |a 191 
490 0 |a Széphalom  |v 4 
695 |a Szépirodalom 
856 4 0 |u http://acta.bibl.u-szeged.hu/20520/1/szephalom_004_191.pdf  |z Dokumentum-elérés